000 00500nam a2200181 i 4500
001 20783
003 ES-MaACL
005 20260215063013.0
007 t|
008 021118s1967 sp ||||1| cat d
100 0 _aBeaverbrook, Max Aitken,
_cLord
_926855
245 1 4 _aLes tres elaus de l'exit /
_cLord Beaverbrook.
250 _a[1ª ed.].
260 _aBarcelona :
_bAymá,
_c[1967]
300 _a142 p. ;
_c17 cm.
852 _aES-MaACL
_jC-32879
_bR.63702
999 _c20783
_d20783